000 00391 a2200169 4500
001 57690
020 _a8510031452
040 _cAnchieta - Pituba
100 _aVasconcellos, Maria José
240 1 0 _aNovo praticando matemática
_lpor
245 1 0 _aNovo praticando matemática
300 _a272
362 0 _a2004
440 1 _aEditora do Brasil
650 4 _aMatemática
942 _cBK
999 _c57690
_d57690